000 01181aam a2200301 i 4500
001 768714001
003 CO-MdFUSB
005 20241023110415.0
007 ta
008 211216t1996 cr da||| |||| 00| 0 spa d
020 _a9968981605
040 _bspa.
_aCO-MdFUSB
_cCO-MdFUSB
_dCO-MdFUSBC
_erda
041 _aspa
082 0 4 _a289.9
_223
_bG569
100 1 _aGómez V., Jorge I.
_eautor
245 1 3 _aEl crecimiento y la deserción en la iglesia evangélica costarricense
_c/ Jorge I. Gómez V.
264 1 _aSan José, Costa Rica :
_bIINDEF,
_c[1997]
264 4 _c© 1997
300 _a153 páginas
_c; 21 cm
336 _atexto
_btxt
_2rdacontent
337 _2rdamedia
_asin mediación
_bn
338 _2rdacarrier
_avolumen
_bnc
505 _aContexto histórico y metodología de la investigación. -- Factores demográficos en la deserción protestaste costarricense. -- Relación entre la deserción y los tipos de iglesia. -- Relación entre deserción y filosofía de evangelización y discipulado. -- Resumen general y recomendaciones.
563 _aRústico
653 _aDenominaciones y sectas no previstas en otra parte
942 _cBK
945 _aJTF-925
999 _c39214
_d39214